Statistiques concernant Groupes Ligue des Champions 2018-2019

Cliquez ici pour prendre le quiz!

Statistiques générales

  • Ce quiz a été pris 50 fois
  • Le résultat moyen est 26 sur 32

Statistiques - réponses

GroupePlace dans le groupeNoms des équipes% Correct
Groupe H1erJuventus
100%
Groupe B1erFC Barcelone
100%
Groupe F1erManchester City
100%
Groupe C1erPSG
100%
Groupe E1erBayern Munich
98%
Groupe H2èmeManchester United
98%
Groupe G1erReal Madrid
98%
Groupe F2èmeOL
98%
Groupe A2èmeAtlético Madrid
95%
Groupe A1erBorussia Dortmund
95%
Groupe C2èmeLiverpool
95%
Groupe D1erFC Porto
91%
Groupe B3èmeInter Milan
89%
Groupe E2èmeAjax Amsterdam
89%
Groupe B2èmeTottenham
89%
Groupe H3èmeValence
86%
Groupe G2èmeAS Roma
86%
Groupe C3èmeNaples
86%
Groupe E3èmeBenfica Lisbonne
86%
Groupe A4èmeAS Monaco
84%
Groupe C4èmeEtoile Rouge de Belgrade
80%
Groupe A3èmeClub Brugge
77%
Groupe B4èmePSV Eindhoven
75%
Groupe D3èmeGalatasaray
70%
Groupe G4èmeCSKA Moscou
70%
Groupe D2èmeSchalke 04
66%
Groupe H4èmeBSC Young Boys
64%
Groupe F4èmeTSG Hoffenheim
57%
Groupe D4èmeLokomotiv Moscou
55%
Groupe F3èmeChakhtar Donestk
50%
Groupe E4èmeAEK Athènes
32%
Groupe G3èmeViktoria Plzeň
25%

Distribution des résultats

Percentile par nombre de réponses

% des personnes avec chaque résultat

Votre développement - résultats

Vous n’avez pas pris ce quiz